<?xml version="1.0" encoding="UTF-8"?>
<collection xmlns="http://www.loc.gov/MARC21/slim">
 <record>
  <leader>00678nam a2200229   4500</leader>
  <controlfield tag="001">000004774</controlfield>
  <controlfield tag="003">915</controlfield>
  <controlfield tag="005">20150812140845.0</controlfield>
  <controlfield tag="008">110804s1990                           sd</controlfield>
  <datafield tag="100" ind1="0" ind2=" ">
   <subfield code="a">Robert</subfield>
  </datafield>
  <datafield tag="245" ind1="0" ind2="0">
   <subfield code="a">Bàn tay kẻ lạ mặt</subfield>
   <subfield code="c">Robert</subfield>
  </datafield>
  <datafield tag="260" ind1=" " ind2=" ">
   <subfield code="b">Tổng hợp khánh hoà</subfield>
   <subfield code="c">1990</subfield>
  </datafield>
  <datafield tag="774" ind1=" " ind2=" ">
   <subfield code="a">Robert Daley</subfield>
   <subfield code="d">Tổng hợp Khánh Hoà</subfield>
   <subfield code="d">1990</subfield>
   <subfield code="g">Tập 1</subfield>
   <subfield code="h">278 tr.</subfield>
   <subfield code="w">917</subfield>
  </datafield>
  <datafield tag="774" ind1=" " ind2=" ">
   <subfield code="a">Robert Daley</subfield>
   <subfield code="d">Tổng hợp Khánh Hoà</subfield>
   <subfield code="d">1990</subfield>
   <subfield code="g">Tập 2</subfield>
   <subfield code="h">2782tr.</subfield>
   <subfield code="w">918</subfield>
  </datafield>
  <datafield tag="OWN" ind1=" " ind2=" ">
   <subfield code="a">LSP</subfield>
  </datafield>
  <datafield tag="999" ind1=" " ind2=" ">
   <subfield code="a">From the UDN01</subfield>
  </datafield>
  <datafield tag="TYP" ind1=" " ind2=" ">
   <subfield code="a">Monograph</subfield>
  </datafield>
  <datafield tag="TYP" ind1=" " ind2=" ">
   <subfield code="a">Printed language</subfield>
  </datafield>
  <datafield tag="980" ind1=" " ind2=" ">
   <subfield code="a">Mạng thư viện Đại học Đà Nẵng</subfield>
  </datafield>
 </record>
</collection>
